000 00674nam a2200241 4500
999 _c546
_d546
003 OSt
005 20200222145442.0
008 141021b xxu||||| |||| 00| 0 eng d
020 _a9780072322897
020 _a0071180966
040 _c040a
082 _a371.2 HOY 2001
100 _aHoy, Wayne K.; Miskel,Cecil G
_91410
245 _aEducational Administration:
_btheory, research and practice
250 _a6th ed.
260 _aBoston;
_bMcGraw-Hill international,
_c2001
300 _axiv, 498p ;
_bill :
_c20 cm.
440 _aEducational series
_91411
504 _aincludes index
650 _aEducation
_91404
650 _aManagement
_9364
942 _2ddc
_cSLOAN